MESTSKÁ KNIŽNICA GIRALTOVCE  - online katalóg 

Klient (Record no. 23559)

000 -NÁVESTIE
fixed length control field 01175nim a2200349 a 4500
001 - EVIDENČNÉ ČÍSLO ZÁZNAMU - Kontrolné číslo
control field vtls000673244
005 - DÁTUM A ČAS POSLEDNEJ TRANSAKCIE
control field 20230920115420.0
007 - POLE PEVNEJ DĹŽKY PRE FYZICKÝ POPIS – VŠEOBECNE
fixed length control field sd fsngnnmmnud
008 - ÚDAJE S PEVNOU DĹŽKOU – VŠEOBECNÉ INFORMÁCIE
fixed length control field 201209s2019 xo nnnnf f n slo c
020 ## - MEDZINÁRODNÉ ŠTANDARDNÉ ČÍSLO KNIHY (ISBN)
Medzinárodné štandardné číslo knihy (ISBN) 9788018085219
035 ## - Iný štandardný identifikátor
Iný štandardný identifikátor a000673244
040 ## - ZDROJ KATALOGIZÁCIE
Pôvodná katalogizujúca agentúra LESKN
Jazyk katalogizácie slo
Prepisujúca agentúra UKB
Konvencie popisu AACR2
041 1# - KÓD JAZYKA
Kód jazyka textu/zvukovej stopy alebo samostatných nápisov slo
Kód jazyka originálu a/alebo sprostredkujúcich prekladov textu eng
044 ## - KÓD KRAJINY VYDAVATEĽA/PRODUCENTA
Kód krajiny MARC xo
Kód krajiny ISO SK
072 #7 - KÓD PREDMETOVEJ KATEGÓRIE
Kód predmetovej kategórie 821.111(73)-3
Pododdiel kódu predmetovej kategórie Americká próza
Zdroj konspekt
080 ## - ČÍSLO MEDZINÁRODNÉHO DESATINNÉHO TRIEDENIA (MDT)
Číslo Medzinárodného desatinného triedenia (MDT) (086.76)
Identifikátor vydania 2011
080 ## - ČÍSLO MEDZINÁRODNÉHO DESATINNÉHO TRIEDENIA (MDT)
Číslo Medzinárodného desatinného triedenia (MDT) 821.111(73)-31
Identifikátor vydania 2011
080 ## - ČÍSLO MEDZINÁRODNÉHO DESATINNÉHO TRIEDENIA (MDT)
Číslo Medzinárodného desatinného triedenia (MDT) (0:82-312.4)
Identifikátor vydania 2011
080 ## - ČÍSLO MEDZINÁRODNÉHO DESATINNÉHO TRIEDENIA (MDT)
Číslo Medzinárodného desatinného triedenia (MDT) (0:82-311.4)
Identifikátor vydania 2011
100 1# - OSOBNÉ MENÁ – VŠEOBECNÉ INFORMÁCIE
Osobné meno Grisham, John,
Dátumy súvisiace s menom 1955-
-- 3361
240 14 - UNIFIKOVANÝ NÁZOV
Unifikovaný názov The client.
Jazyk diela Slovensky
245 10 - NÁZOV
Názov Klient
Médium elektronický zdroj
Údaj o zodpovednosti atď. John Grisham ; číta: Igor Makovický
260 ## - VYDAVATEĽSKÉ ÚDAJE, DISTRIBÚCIA ATĎ.
Miesto publikovania, distribúcie atď. Levoča
Názov vydavateľa, distibútora atď. Slovenská knižnica pre nevidiacich Mateja Hrebendu v Levoči
Dátum publikovania, distribúcie atď. 2019
300 ## - FYZICKÝ POPIS
Rozsah 1 elektronický optický disk (CD-ROM)
Ďalšie fyzické detaily digitálny, mono
Rozmery 12cm
650 07 - PRIDANÝ VSTUP – PREDMET – TEMATICKÉ HESLO
Tematické heslo alebo geografický názov ako vstupný prvok mafia
Zdroj hesla alebo termínu UKBPH
-- 3888
655 #7 - INDEXAČNÝ TERMÍN – ŽÁNER/FORMA
Údaje o žánri/forme alebo termín, ktorý je prvok fazety zvukové dokumenty
Zdroj termínu UKBPH
-- 3634
655 #7 - INDEXAČNÝ TERMÍN – ŽÁNER/FORMA
Údaje o žánri/forme alebo termín, ktorý je prvok fazety americké romány
Zdroj termínu UKBPH
-- 2
655 #7 - INDEXAČNÝ TERMÍN – ŽÁNER/FORMA
Údaje o žánri/forme alebo termín, ktorý je prvok fazety spoločenské romány
Zdroj termínu UKBPH
-- 12
655 #7 - INDEXAČNÝ TERMÍN – ŽÁNER/FORMA
Údaje o žánri/forme alebo termín, ktorý je prvok fazety kriminálne romány
Zdroj termínu UKBPH
-- 3889
655 #7 - INDEXAČNÝ TERMÍN – ŽÁNER/FORMA
Údaje o žánri/forme alebo termín, ktorý je prvok fazety CD-ROM
Zdroj termínu UKBPH
-- 3890
700 1# - PRIDANÝ VSTUP – OSOBNÉ MENO
Osobné meno Makovický, Igor
Kód roly nrt
-- 3891
Holdings
Stav stiahnutia (Blokovanie) (Withrawn status) Stav straty Zdroj klasifikácie pre skladovanie Stav poškodenia (Damaged status) Nie pre výpožičky (Not for loan) Spôsob nadobudnutia (Collection code) Trvalé umiestnenie Aktuálne umiestnenie Dátum nadobudnutia Náklady, bežná kúpna cena Inventárne číslo (prírastkové číslo) Celkom výpožičky Full call number Čiarový kód Dátum posledného výskytu Dátum poslednej výpôžičky Cena s účinnosťou od Typ jednotky Koha
          Kúpa Mestská knižnica Giraltovce Mestská knižnica Giraltovce 2023-09-20 5.00 21888 4 b10638 B10638 2026-01-07 2025-12-12 2023-09-20 Krásna literatúra pre dospelých

Powered by Koha